Science Quiz

Random Science Quiz

Michigan agricultural commodities Quiz Stats

Quiz not verified by Sporcle

Challenge
Share
Tweet
Embed
Score 0/10 Timer 05:00
0 Plays Today
Rank Answer % Correct
1.Corn
92.9%
8.Wheat
71.4%
3.Soybeans
64.3%
5.Cattle
64.3%
7.Pork
50%
9.Chicken eggs
42.9%
10.Potatoes
42.9%
2.Dairy products
35.7%
4.Greenhouse
14.3%
6.Sugar beets
14.3%

You're not logged in!

Compare scores with friends on all Sporcle quizzes.
Join for Free
OR
Log In

You Might Also Like...

Show Comments

Extras

Top Quizzes Today


Score Distribution

Your Account Isn't Verified!

In order to create a playlist on Sporcle, you need to verify the email address you used during registration. Go to your Sporcle Settings to finish the process.

Report this User

Report this user for behavior that violates our Community Guidelines.

Details: